01610njm a2200313Ia 450000100060000000300090000600500170001500800410003204000130007304000130008610000110009910000180011010000380012824500390016625000110020526000110021626000670022730000100029430000290030450502290033351101160056251101210067865000460079970000640084570001460090970000800105570000890113570000720122425881IT-RoPAU20220918181121.0131025s9999 xx 000 0 und d aIT-RoPAU cIT-RoPAU aAA.VV. eAutore musica gCodice autore musica SPICS: 12000 aMonk On Riverside 1955-57, vol. 03 a2a ed. aMILANO bRIVERSIDE RECORDSc1984 [1a Ed.:1956 - Ed. Lingua Orig.: 1956] aDISCO c42 minuti (Testo: pag.) aBrilliant Corners [(9 ottobre 1956) (8:00)] - Bemsha Swing [(9 ottobre 1956) (8:00)] - I Surrender, Dear [(9 ottobre 1956) (6:00)] - Ba Lue Bolivar Ba Lues Are [(9 ottobre 1956) (14:00)] - Pannonica [(9 ottobre 1956) (9:00)] aTerry Clark: trumpet; Rollins Sonny: tenor, sax; Monk Theolonius: piano; Chambers Paul: basso; Roach Max: drums aMonk Theolonius: piano; Henry Ernie: alto, sax; Rollins Sonny: tenor, sax; Pettiford Oscar: basso; Roach Max: drums aJAZZ [DISCHI]eCodice MATERIA SPICS: 9950 aMonk TheloniousgCodice interprete SPICS: 10795eInterprete aMonk TheloniousgCodice autore musica SPICS: 107954Autore musicapBrilliant Corners - Bemsha Swing - Ba Lue Bolivar Ba Lues Are - Pannonica aBest DenzilgCodice autore musica SPICS: 24586eAutore musicapBemsha Swing aClifford GordongCodice autore musica SPICS: 22913eAutore musicapI Surrender, Dear aBarris HarrygCodice autore SPICS: 18863eAutorepI Surrender, Dear